000 00373nam a2200121Ia 4500
008 231228s2000 xx 000 0 und d
041 _aeng
082 _a4.6
_bWRI
100 _aWRIGHT (G.R.) / STEVENS (W.R.)
245 _aTCP/IP : Illustrated VOL-2,The Implementation
260 _aGhaziabad
_bShiva Institute of Management Studies Ghaziabad
_c2000
300 _aXXII,1174
999 _c1086492
_d1086492